00659 2200229 4500001002100000005001500021035002000036007000300056008004100059020002200100082001100122084001700133100001900150245006300169260005800232300003600290650002600326700002300352520003000375990001200405990001200417INLIS00000000000171620180313090153 a0010-0318000059ta180313 g 0 ind  a978-979-91-0825-8 a363.49 a363.49 HEN c0 aHENDRI, Yulius1 aComing Out /cHendri Yulius; penyunting, Linna Permatasari aJakarta :bKPG ( Kepustakaan Populer Gramedia),c2015 axx, 173 hlm. :bilus. ;c21 cm. aHOMOSEKS-ASPEK SOSIAL0 aLINNA, Permatasari abibliografi: hlm. 167-173 a16351 a a16351 b